00483nam a2200157Ia 4500008004100000020001500041082001800056100000500074245001900079260005200098300000500150700002400155942001300179999001700192952011600209140316s9999 xx 000 0 und d a8123002580 a923.6bGOV/MA a aMahatma Gandhi aNew DelhibMinistry of Inf.& Broadcastingc1994 a aGovernment of India 2ddccREF c18017d18017 00102ddc4070aKAUCLVbKAUCLVcREFd2014-03-18l0o923.6 GOV/MAp202827r2014-03-18 00:00:00w2014-03-18yREF